Catálogo público

La simulación en los sistemas de producción agropecuarios / (Record no. 164706)

MARC details
000 -CABECERA
campo de control de longitud fija 00992nam a2200289Ia 4500
001 - NÚMERO DE CONTROL
campo de control Z_1619
003 - IDENTIFICADOR DEL NÚMERO DE CONTROL
campo de control CHAP
008 - DATOS DE LONGITUD FIJA--INFORMACIÓN GENERAL
campo de control de longitud fija 220113s1988 xx 000 0 und d
010 ## - NÚMERO DE CONTROL DE LA BIBLIOTECA DEL CONGRESO
Número de control de LC 164706
040 ## - FUENTE DE LA CATALOGACIÓN
Centro/agencia transcriptor CHAP
082 ## - NÚMERO DE LA CLASIFICACIÓN DECIMAL DEWEY
Número de clasificación 636.08 S32
100 ## - ENTRADA PRINCIPAL--NOMBRE DE PERSONA
Nombre de persona Salinas González, Homero, ed
9 (RLIN) 138780
245 ## - MENCIÓN DE TÍTULO
Título La simulación en los sistemas de producción agropecuarios /
Mención de responsabilidad, etc. ed. por Homero Salinas González y Saúl Flores A
260 ## - PUBLICACIÓN, DISTRIBUCIÓN, ETC.
Lugar de publicación, distribución, etc. Matamoros, Coah :
Nombre del editor, distribuidor, etc. INIFAP. Centro de Investigaciones Forestales y Agropecuarias Región Lagunera,
Fecha de publicación, distribución, etc. 1988
300 ## - DESCRIPCIÓN FÍSICA
Extensión 193 p
440 ## - MENCIÓN DE SERIE/PUNTO DE ACCESO ADICIONAL--TÍTULO
Título
500 ## - NOTA GENERAL
Nota general
503 ## - NOTA DE HISTORIA BIBLIOGRÁFICA (BK CF MU) [OBSOLETO]
Nota de historia bibliográfica
650 ## - PUNTO DE ACCESO ADICIONAL DE MATERIA--TÉRMINO DE MATERIA
Término de materia o nombre geográfico como elemento de entrada Ganadería
Subdivisión general Métodos estadísticos
9 (RLIN) 44825
650 ## - PUNTO DE ACCESO ADICIONAL DE MATERIA--TÉRMINO DE MATERIA
Término de materia o nombre geográfico como elemento de entrada Simulación I. Flores A., Saúl, ed. II. Instituto Nacional de Investigaciones Forestales y Agropecuarias. México. Centro de Investigaciones Forestales y Agropecuarias Región Lagunera III. t.
9 (RLIN) 138781
901 ## - ELEMENTOS DE DATOS A LOCAL LDA (RLIN)
a 636.08 S32
902 ## - ELEMENTOS DE DATOS B LOCAL, LDB (RLIN)
a A
910 ## - DATOS DE OPCIÓN DEL USUARIO (OCLC)
Datos de opción del usuario 1988
942 ## - ELEMENTOS DE PUNTO DE ACCESO ADICIONAL (KOHA)
Tipo de ítem Koha Libro_
942 ## - ELEMENTOS DE PUNTO DE ACCESO ADICIONAL (KOHA)
Tipo de ítem Koha
Holdings
Estado de retiro Estado de pérdida Fuente del sistema de clasificación o colocación Estado dañado Restricciones de uso No para préstamo Código de colección Localización permanente Ubicación/localización actual Fecha de adquisición Número de inventario Signatura topográfica completa Código de barras Fecha visto por última vez Número de copia Precio válido a partir de Tipo de ítem Koha Total de préstamos Fecha del último préstamo
    Dewey Decimal Classification   Préstamo interno   General Zootecnia Zootecnia 09/11/2005 S/N 636.08 S32 z_1548 18/01/2022 Ej.1 18/01/2022 Libro    
    Dewey Decimal Classification   Préstamo interno   General Zootecnia Zootecnia 09/11/2005 S/N 636.08 S32 z_1549 18/01/2022 Ej.2 18/01/2022 Libro    
    Dewey Decimal Classification   Préstamo interno   General Zootecnia Zootecnia 09/11/2005 S/N 636.08 S32 z_1550 17/04/2023 Ej.3 18/01/2022 Libro 1 17/11/2022